Inazuma eleven sezon 2 - odcinki po polsku - Statystyki

Ogólne statystyki
  • Ten quiz został rozwiązany 117 razy
  • Średni wynik to 17 z 41
Statystyki odpowiedzi
Podpowiedź Odpowiedź % Poprawnych
Sezon 2 Odc 1 Obcy nadchodzą!
76%
Sezon 2 Odc 22 Płomienny Napastnik
62%
Sezon 2 Odc 3 Pokonać Czarną Jedenastkę!
60%
Sezon 2 Odc 28 Byron – boskie wsparcie
56%
Sezon 2 Odc 30 Mark kontra Axel!
56%
Sezon 2 Odc 24 Pięść Sprawiedliwości
51%
Sezon 2 Odc 11 Akademia Królewska powraca
47%
Sezon 2 Odc 12 Akademia Królewska powraca
47%
Sezon 2 Odc 5 W poszukiwaniu legendarnego napastnika
47%
Sezon 2 Odc 8 Akademia Aliusa atakuje!
45%
Sezon 2 Odc 27 Mrożąca ciemność Diamond Dust!
45%
Sezon 2 Odc 14 Erik Eagle ma kłopoty
44%
Sezon 2 Odc 9 Atak Epsilonu
42%
Sezon 2 Odc 18 Druga Ręka Majina!
42%
Sezon 2 Odc 20 Kapitańska próba
42%
Sezon 2 Odc 7 Kim jest nowy napastnik?
42%
Sezon 2 Odc 6 Książę Krainy Śniegu
42%
Sezon 2 Odc 32 Nawałnica Ognia
42%
Sezon 2 Odc 26 Ogniste Odrodzenie
42%
Sezon 2 Odc 23 Radykalnie rytmiczny mecz
42%
Sezon 2 Odc 25 Epsilon kontratakuje
40%
Sezon 2 Odc 4 Groźby Akademii Aliusa
40%
Sezon 2 Odc 13 Ostatnia Smocza Zamieć
40%
Sezon 2 Odc 15 Pułapka Dvalina
40%
Sezon 2 Odc 21 Wielka bitwa na Morzu Południowym
38%
Sezon 2 Odc 34 Akademia Aliusa zdemaskowana
36%
Sezon 2 Odc 35 Decydujące Starcie
36%
Sezon 2 Odc 36 Decydujące Starcie
36%
Sezon 2 Odc 39 Ostateczny Sekret Przyjaźni!
35%
Sezon 2 Odc 10 Ukryta moc
35%
Sezon 2 Odc 2 Drużyna Raimona powraca!
33%
Sezon 2 Odc 41 Najsilniejsza drużyna świata: Ogniste ciosy!
33%
Sezon 2 Odc 40 Najsilniejsza drużyna świata! Zamieć Śnieżna
33%
Sezon 2 Odc 38 Ostateczne starcie! Raimon kontra Raimon!
33%
Sezon 2 Odc 16 Epsilon – Najtrudniejsza potyczka
31%
Sezon 2 Odc 17 Sekretny trik dziadka!
31%
Sezon 2 Odc 19 Wstrząsający mecz!
31%
Sezon 2 Odc 37 Wieczne zagrożenie
25%
Sezon 2 Odc 31 Cudowna drużyna!
24%
Sezon 2 Odc 29 Nowe wyzwanie!
20%
Sezon 2 Odc 33 Przybycie Akademii Aliusa
20%
Nie znaleziono quizów pasujących do podanych kryteriów
Rozkład punktacji
Procent ludzi z każdym wynikiem
Percentyl według liczby udzielonych odpowiedzi
Twoja historia wyników
Nie rozwiązałeś tego quizu